Les 10 pays les plus peuplés - Statistiques

Statistiques générales
  • Ce quiz a été pris 200 fois
  • Le résultat moyen est 7 sur 10
Statistiques - réponses
Hint Réponse % Correct
2 Chine
99%
1 Inde
97%
3 Etats-Unis
92%
8 Russie
90%
7 Brésil
85%
10 Mexique
71%
4 Indonésie
65%
5 Pakistan
63%
6 Nigéria
60%
9 Ethiopie
23%
Aucun quiz correspondant
Distribution des résultats
% des personnes avec chaque résultat
Percentile par nombre de réponses
Votre historique - résultats
Vous n’avez pas pris ce quiz